Les albums de Tintin - Statistiques

Statistiques générales
  • Ce quiz a été pris 24 518 fois
    24 405 depuis la dernière actualisation
  • Le résultat moyen est 14 sur 24
Statistiques - réponses
Année Album % Correct
1931 Tintin au Congo
93%
1960 Tintin au Tibet
74%
1932 Tintin en Amérique
73%
1953 Objectif Lune
72%
1963 Les Bijoux de la Castafiore
70%
1954 On a marché sur la Lune
70%
1936 Le Lotus Bleu
69%
1944 Le Trésor de Rackham le Rouge
66%
1943 Le Secret de la Licorne
64%
1948 Les Sept Boules de Cristal
64%
1958 Coke en Stock
57%
1934 Les Cigares du Pharaon
57%
1950 Tintin au pays de l'Or Noir
57%
1968 Vol 714 pour Sydney
57%
1938 L'Île Noire
55%
1941 Le Crabe aux Pinces d'Or
54%
1976 Tintin et les Picaros
54%
1956 L'Affaire Tournesol
53%
1939 Le Sceptre d'Ottokar
53%
1937 L'Oreille cassée
53%
1930 Tintin au pays des Soviets
53%
1942 L'Étoile Mystérieuse
49%
1949 Le Temple du Soleil
47%
1986 Tintin et l'Alph-Art
34%
Aucun quiz correspondant
Distribution des résultats
% des personnes avec chaque résultat
Percentile par nombre de réponses
Votre historique - résultats
Vous n’avez pas pris ce quiz depuis la dernière actualisation